000 01117nam a22002177a 4500
003 OSt
005 20161103153724.0
008 150409b2016 slv spa
040 _cBMC
082 _a004.21
100 1 _940252
_aBeltrán Alfaro, Leonel Edgardo
245 1 0 _aDesarrollo e implementación de un sistema para control de producción para la empresa Granja Avícola el Rey S.A. de C.V.
_b: Informe final de proyecto
_cLeonel Edgardo Beltrán Alfaro, Josué Humberto Meléndez López
260 _aSanta Ana (El Salvador)
_bUniversidad Católica de El Salvador
_c2016
300 _a1 v. (pág. var.)
_bil. col.
_c29 cm
_e+ 1 disco compacto
500 _aPrecede al tít.: Universidad Católica de El Salvador, Facultad de Ciencias Empresariales
502 _aTrabajo de graduación para optar al grado académico de Licenciado en Sistemas Informáticos Administrativos
650 2 4 _91736
_aAdministración de sistemas de información
700 1 _940253
_aMeléndez López, Josué Humberto
710 2 _91067
_aUniversidad Católica de El Salvador
_bFacultad de Ciencias Empresariales
942 _2ddc
_cTG
999 _c26345
_d26345